LEADER 00974nam 2200337 4500 001 990000909010203316 035 $a0090901 035 $aUSA010090901 035 $a(ALEPH)000090901USA01 035 $a0090901 100 $a20020128d1989----km-y0ENGy0103----ba 101 $aita 102 $aIT 200 1 $a<> scienza del tragico$esaggio su Carlo Michelstaedter$fPiero Pieri 210 $aBologna$cCappelli$d1989 215 $aXIII, 543 p.$d21 cm 225 2 $aBiblioteca Cappelli 410 $12001$aBiblioteca Cappelli 606 $aMichelstaedter, Carlo$xSaggi 676 $a195 700 1$aPIERI,$bPiero$0134188 801 0$aIT$bsalbc$gISBD 912 $a990000909010203316 951 $aVARIE COLL. 407/3$b98660 LM$cVARIE COLL. 959 $aBK 969 $aUMA 979 $aPATTY$b90$c20020128$lUSA01$h1116 979 $c20020403$lUSA01$h1734 979 $aPATRY$b90$c20040406$lUSA01$h1703 996 $aScienza del tragico$9150155 997 $aUNISA LEADER 01145cam0-22004211i-450- 001 990000845160403321 005 20050629122626.0 035 $a000084516 035 $aFED01000084516 035 $a(Aleph)000084516FED01 035 $a000084516 100 $a20020821d1967----km-y0itay50------ba 101 0 $afre 102 $aFR 105 $ay-------001yy 200 1 $aLeçons sur les représentations des groupes$fL. Pukanszky 210 $aParis$cDunod$d1967 215 $aVIII, 178 p.$d25 cm 225 1 $aMonographies de la Société mathématique de France$v2 610 0 $aInsiemi 610 0 $aStrutture algebriche 610 0 $aTeoria dei gruppi 610 0 $aPrincipi di simmetria 676 $a512.2$v2 676 $a516 676 $a512 700 1$aPukanszky,$bLajos$062295 801 0$aIT$bUNINA$gRICA$2UNIMARC 901 $aBK 912 $a990000845160403321 952 $a02 13 D 31$b1368$fFINBN 952 $aMXXV-A-68$b992$fMAS 952 $a10A-084$b6165$fFI1 959 $aFINBN 959 $aMAS 959 $aFI1 996 $aLeçons sur les représentations des groupes$9349041 997 $aUNINA